Statistics for AWA Supercard Main Events

Click here to take the quiz!

General Stats

  • This quiz has been taken 4 times
  • The average score is 11 of 22

Answer Stats

HintAnswer% Correct
AWA Super Sunday 1983Verne Gagne
100%
AWA WrestleRock 1986Michael Hayes
75%
AWA SuperClash 1985Rick Martel
75%
AWA WrestleRock 1986Road Warrior Animal
75%
AWA WrestleRock 1986Road Warrior Hawk
75%
AWA SuperClash 1985Stan Hansen
75%
AWA WrestleRock 1986Jimmy Garvin
50%
AWA SuperClash 1987Jimmy Snuka
50%
AWA Super Sunday 1983Mad Dog Vachon
50%
AWA SuperClash 1990Mike Enos
50%
AWA SuperClash 1990Paul Diamond
50%
AWA SuperClash 1987Russ Francis
50%
AWA SuperClash 1987The Mercenary
50%
AWA SuperClash 1987The Terrorist
50%
AWA SuperClash 1990The Trooper
50%
AWA SuperClash 1990Wayne Bloom
50%
AWA Super Sunday 1983Jerry Blackwell
25%
AWA SuperClash 1988Jimmy Golden
25%
AWA SuperClash 1988Ricky Morton
25%
AWA SuperClash 1988Robert Fuller
25%
AWA SuperClash 1988Robert Gibson
25%
AWA Super Sunday 1983Sheik Adnan El-Kaissey
25%

Score Distribution

Percentile by Number Answered

Percent of People with Each Score

Your Score History

You have not taken this quiz